| 000 | 00786 a2200229 4500 | ||
|---|---|---|---|
| 003 | OSt | ||
| 005 | 20230419115454.0 | ||
| 008 | 220811s2014 sp a||||r|||| 00| 0 spa d | ||
| 020 | _a9788416271368 | ||
| 040 | _cCHAP | ||
| 082 | 0 | 0 |
_a635.964287 _bM95 _222 |
| 100 | 1 |
_9186720 _aMuñoz Vega, Pablo |
|
| 245 | 1 | 0 |
_aManual auditoría de riego en campos de golf / _cpor Pablo Muñoz Vega y Luis Cornejo Hermosín. |
| 264 | 1 |
_aAntequera, Málaga : _bIC Editorial, _c2014. |
|
| 300 |
_a261 páginas. _bilustraciones. |
||
| 504 | _aIncluye bibliografía. | ||
| 650 | 4 |
_9186717 _aSistemas de riego _xEvaluación |
|
| 650 | 4 |
_9186668 _aCampos de golf _xMantenimiento |
|
| 650 | 4 |
_960421 _aIrrigación _xImplementos y maquinaria |
|
| 700 | 1 |
_9186721 _aCornejo Hermosín, Luis |
|
| 942 |
_2ddc _cLIBRO |
||
| 999 |
_c217469 _d217469 |
||